000 00609nam a22001937a 4500
003 LK-CoMWRAF
005 20240319103957.0
008 240211b1979 |||||||| |||| 00| 0 eng d
040 _aLK-CoMWRAF
_dLK-CoMWRAF
_eLK-CoMWRAF
041 _aeng
082 _a923
_bAKB
100 _aAkbar, Zem Zem
245 _aThe life and times of Marhoom A. M. Wapche Marikar:
_bbuilder architect, educationist and philanthrophist
260 _aColombo :
_bThe Moors' islamic cultural home,
_c1979
300 _a19 p.
650 _aBIOGRAPHIES-revolutionists-Sri Lanka
650 _aMuslim revival-Sri Lanka
942 _cBK
999 _c4734
_d4734